QUEST Central Library Banner

Intermediate Structural Analysis (Record no. 14515)

MARC details
000 -LEADER
fixed length control field 00559nam a22002057a 4500
003 - CONTROL NUMBER IDENTIFIER
control field PK-NaQUE
005 - DATE AND TIME OF LATEST TRANSACTION
control field 20260114113559.0
008 - FIXED-LENGTH DATA ELEMENTS--GENERAL INFORMATION
fixed length control field 260114b ||||| |||| 00| 0 eng d
020 ## - INTERNATIONAL STANDARD BOOK NUMBER
International Standard Book Number 978-0070681354
022 ## - INTERNATIONAL STANDARD SERIAL NUMBER
International Standard Serial Number 007068135X
040 ## - CATALOGING SOURCE
Transcribing agency QUEST
082 ## - DEWEY DECIMAL CLASSIFICATION NUMBER
Classification number 624.171WAN
100 ## - MAIN ENTRY--PERSONAL NAME
Personal name Wang, C. K.
245 ## - TITLE STATEMENT
Title Intermediate Structural Analysis
260 ## - PUBLICATION, DISTRIBUTION, ETC. (IMPRINT)
Place of publication, distribution, etc New Delhi
Name of publisher, distributor, etc Mcgraw hill
Date of publication, distribution, etc 2015
300 ## - PHYSICAL DESCRIPTION
Extent 790p
650 ## - SUBJECT ADDED ENTRY--TOPICAL TERM
Topical term or geographic name as entry element Structural analysis (Engineering)
856 ## - ELECTRONIC LOCATION AND ACCESS
Uniform Resource Identifier <a href="http://10.10.170.122:8080/browse/book/29206">http://10.10.170.122:8080/browse/book/29206</a>
Link text Download eBook
942 ## - ADDED ENTRY ELEMENTS (KOHA)
Koha item type Books
Source of classification or shelving scheme Dewey Decimal Classification
Holdings
Withdrawn status Lost status Damaged status Not for loan Home library Current library Date acquired Cost, normal purchase price Total Checkouts Full call number Barcode Date last seen Koha item type Date checked out Price effective from Checked out
        Central Library, QUEST, Nawabshah Central Library, QUEST, Nawabshah 24/08/2017 1490.00 3 624.171WAN 55664 10/03/2023 Books 13/02/2023 24/08/2017  
        Central Library, QUEST, Nawabshah Central Library, QUEST, Nawabshah 24/08/2017 1490.00 4 624.171WAN 55665 04/06/2025 Books 17/10/2024 24/08/2017  
        Central Library, QUEST, Nawabshah Central Library, QUEST, Nawabshah 24/08/2017 1490.00 6 624.171WAN 55666 13/10/2025 Books 13/10/2025 24/08/2017 12/11/2025
        Central Library, QUEST, Nawabshah Central Library, QUEST, Nawabshah 24/08/2017 1490.00 3 624.171WAN 55667 25/07/2023 Books 09/02/2023 24/08/2017  
        Library for Girls Library for Girls 03/11/2015 1321.00   624.171WAN 53323 03/11/2015 Books      
        Library for Girls Library for Girls 24/08/2017 1490.00   624.171WAN 55668 24/08/2017 Books      

Copyright © 2018,The QUEST, Nawabshah, Shaheed Benazirabad. All rights reserved
Mr. G. Farooq Channar (Librarian) QUEST, Nawabshah, Sindh, Pakistan 67480.
 Ph#: |   0244-9370381-4 Ext. 2308   Email| lib@quest.edu.pk   Web|  http://www.quest.edu.pk